| 000 | 00833nam a2200265 a 4500 | ||
|---|---|---|---|
| 001 | 73016 | ||
| 003 | BD-RjUL | ||
| 005 | 20211209082334.0 | ||
| 008 | 170527r19601951nyua 001 0 eng d | ||
| 020 | _a0471541702 | ||
| 035 | _a(BD-RjUL)73234 | ||
| 040 |
_aBD-RjUL _beng _cBD-RjUL |
||
| 041 | _aeng | ||
| 082 |
_223 _a624.17 _bPAS 1960 |
||
| 100 | 1 |
_aParker, Harry, _d1887- _9215944 |
|
| 245 | 1 | 0 |
_aSimplified mechanics and strength of materials / _cHarry Parker |
| 260 |
_aNew York : _bWiley, _c1951, [Sixth printing1960] |
||
| 300 |
_axiv, 275 p. : _bill. ; _c22 cm. |
||
| 500 | _a"A Wiley-Interscience publication." | ||
| 504 | _aIncludes index | ||
| 650 | 0 |
_aMechanics, Applied _9215945 |
|
| 650 | 0 |
_aStrength of materials _9215946 |
|
| 830 | 0 |
_aParker-Ambrose series of simplified design guides _9215948 |
|
| 942 |
_2ddc _cBK |
||
| 999 |
_c73016 _d73016 |
||